| 000 | 00575nam a22001817a 4500 | ||
|---|---|---|---|
| 005 | 20170829140446.0 | ||
| 010 | _aENG-120151 | ||
| 020 |
_a9789350078204 _c200.00 |
||
| 035 | _aEN-103683 | ||
| 037 | _bDBAD/PUB | ||
| 082 | _a796.07 | ||
| 100 | _aSoni,Romila | ||
| 245 |
_aYoung children in motion / _cby Romila Soni [and] Sandhya Sangai |
||
| 260 |
_aNew Delhi _bNational Council of Educational Research and Training _c2016 |
||
| 270 |
_aSri Aurobindo Marg _bNew Delhi _e110016 |
||
| 300 |
_ax,263p. : _c24cm (pbk) _bill |
||
| 942 |
_2ddc _cEN _h796.07 _mYOU |
||
| 999 |
_c143889 _d143889 |
||